书目信息 |
| 题名: |
生物史图说
|
|
| 作者: | ;北京自然博物馆 编著 | |
| 分册: | ||
| 出版信息: | 北京 科学出版社 1982 |
|
| 页数: | 345页 | |
| 开本: | 25cm | |
| 丛书名: | ||
| 单 册: | ||
| 中图分类: | Q-09 | |
| 科图分类: | ||
| 主题词: | 生物--进化--图解 , 生物学--理论 , 生物学--方法 | |
| 电子资源: | ||
| ISBN: | ||
| 000 | 00710nam0 2200265 45 | |
| 001 | 0182005695 | |
| 005 | 20040924154351.9 | |
| 010 | @b精装@dCNY5.20 | |
| 091 | @a13031.1898 | |
| 100 | @a19950422d1982 em y0chiy0121 ea | |
| 101 | 0 | @achi |
| 102 | @aCN@b110000 | |
| 105 | @aa z 000yy | |
| 106 | @ar | |
| 200 | 10 | @a生物史图说@Asheng wu shi tu shuo@f北京自然博物馆编著 |
| 210 | @a北京@c科学出版社@d1982 | |
| 215 | @a345页@d25cm | |
| 606 | @a生物@x进化@x图解 | |
| 606 | 0 | @a生物学@x理论 |
| 606 | 0 | @a生物学@x方法 |
| 690 | @aQ-09@v3 | |
| 711 | 02 | @a北京自然博物馆@Abei jing zi ran bo wu guan@4编著 |
| 801 | 0 | @aCN@b上海图书馆@c20040524 |
| 801 | 2 | @aCN@bNLC@c20040524 |
| 905 | @dQ-09@e26@f1@b245205 | |
| 生物史图说/北京自然博物馆编著.-北京:科学出版社,1982 |
| 345页;25cm |
| ISBN (精装):CNY5.20 |
| ● |
| 相关链接 |
|
|
|
|
正题名:生物史图说
索取号:Q-09/26
 
预约/预借
| 序号 | 登录号 | 条形码 | 馆藏地/架位号 | 状态 | 备注 |
| 1 | 0245204 | 000074449 | 第三借阅区/ [索取号:Q-09/26] | 在馆 | |
| 2 | 0245205 | 001962120 | 第二样本阅览室/ [索取号:Q-09/26] | 在馆 | |
| 3 | 0245206 | 001961390 | 工具书阅览室/ [索取号:Q-09/26] | 在馆 | |
| 4 | 0245207 | 000074458 | 第二样本阅览室/ [索取号:Q-09/26] | 在馆 |